000 01704cam a22004574i 4500
003 PE-LiUPU
005 20250731173031.0
008 150623s1999 nyu rb 000 0 eng d
020 _a0385471920
035 _a(Sirsi) i9780385471923
040 _aPE-LiUPU
_bspa
_cPE-LiUPU
_erda
049 _aPRUA
082 0 4 _a226.066
_bD97
_221
100 1 _aDungan, David Laird,
_eautor.
245 1 2 _aA history of the synoptic problem :
_bthe canon, the text, the composition, and the interpretation of the gospels /
_cDavid Laird Dungan.
264 1 _aNew York :
_bDoubleday,
_c1999.
300 _a526 páginas ;
_c24 centímetros
336 _atext
_2rdacontent
337 _aunmediated
_2rdamedia
338 _avolume
_2rdacarrier
504 _aIncluye bibliografía.
505 0 _aThe first to the century: conflict and consolidation -- The creation of the modern historical-critical method -- Current trends in the post-modern period.
526 _aSEG42
526 _aSEG41
526 _aSEG40
526 _aSEG39
526 _aP94
526 _aP87
526 _aP86
526 _aP85
526 _aP77
526 _aP76
526 _aP35
650 1 4 _aBiblia.
_pN.T.
_pEvangelios Sinópticos
_vCrítica, interpretación, etc.
942 _2ddc
_cBOOK
949 _a226.066 D97
_wDEWEY
_c1
_i48123
_lCCODEBUL1
_mBUL
_r0
_sY
_tBOOK
_u2015-6-24
_xTEOLOGIA
_PP35
_0COMPRA
_o.STAFF. Colección General
994 _aC0
_bPEPRU
596 _a1
999 _a226.066 D97
_wDEWEY
_c25096
_i48123
_f2021-11-9
_g5
_lCCODEBUL1
_mBUL
_p57.00
_r0
_sY
_tBOOK
_u2015-6-24
_xTEOLOGIA
_PP35
_0COMPRA
_o.STAFF. Colección Teología
_d25096
980 _81
_gALBERTO SANCHEZ Responsable de Automatización